Proces nákupu a riadenie vstupnej kontroly vo výrobnom podniku diplomová práca

Enregistré dans:
Détails bibliographiques
Auteur principal: Chrastinová, Lenka
Collectivité auteur: Obchodná fakulta EU. Katedra marketingu
Autres auteurs: Kita, Jaroslav
Format: Livre
Langue:slovaque
Publié: Bratislava 2009
Tags: Ajouter un tag
Pas de tags, Soyez le premier à ajouter un tag!

MARC

LEADER 00000nam$a2200000$$$4500
001 0097939
005 20240318135512.0
041 0 |a slo 
044 |a SK 
245 1 0 |a Proces nákupu a riadenie vstupnej kontroly vo výrobnom podniku  |b diplomová práca  |c Lenka Chrastinová ; škol. Jaroslav Kita 
264 1 |a Bratislava  |c 2009 
300 |a 70 s. 
100 1 |a Chrastinová, Lenka 
700 1 |a Kita, Jaroslav 
710 2 |a Obchodná fakulta EU. Katedra marketingu